00681naa a22001217i 450000100060000000300090000600500170001500800410003204000290007310001670010224500760026977302140034510525KOSZ 00520180426140427.0180426s2005 pl ||||f |||| 10| 0 ger d aKOSZ 005/ARcKOSZ 005/AR1 aJASIULEWICZ, Michał.bPolitechnika Koszalińska - Wydział Ekonomii i Zarządzania,cKatedra Polityki Społeczno-Gospodarczej i Ekonomiki Regionalnejd1996 - .10aWissensgesellschaft und Bologna : cMichał Jasiulewicz.bErklärung /0 iW :tWissensbasierte Ökonomie im Zeitalter des Internet. -dGreifswald : Koszalin : Kompetenzzentrum EU - Osterweiterung am BiG ; Wydaw. Uczelniane Politechniki Koszalińskiej, 2005. -gs. 61-64z8373650873